000 00600nam a2200193Ia 4500
005 20250508162151.0
008 008 250505s9999 xx 000 0 eng d
020 _a0-7100-0526-1
037 _aTextual
040 _aFEDL
_beng
_cFEDL
041 _aeng
_2eng
084 _a370.193, SHA
_qFEDL
100 _aSharp Rachel
_9291077
245 0 _aKnowledge, ideology and the politics of schooling : Towards a marxist analysis of education
260 _aLondon, UK
_bRoutledge and Kegan Paul
_c1980
300 _ax,189p.
942 _cTEXL
_h370.193, SHA
999 _c1374776
_d1374776